Perfil psicológico de la maestra jardinera /

Guardado en:
Autor Principal: Hayquel de Andrés, Myriam
Formato: Libro
Publicado: Argentina : Ta.p.as., 1981
Materias:
Etiquetas: Agregar Etiqueta
Sin Etiquetas, Sea el primero en etiquetar este registro!
LEADER 00476nam a22001575a 4500
001 CEM.cems003182
005 19000101000000.0
008 130507s1981##################000#0#####d
003 CEMS
082 0 4 |a 372.2 
100 1 |a Hayquel de Andrés, Myriam 
245 1 0 |a Perfil psicológico de la maestra jardinera /  |c Myriam Hayquel de Andrés 
260 |a Argentina :  |b Ta.p.as.,  |c 1981 
300 |a 99 p. 
653 |a Educacion 
859 |a CEMS  |b BIB. CEMS - 11 de abril  |h 372.2  |i H334-1  |p 11043.82  |t Ej.1